Atlas du Néolithique européen.

Saved in:
Bibliographic Details
Other Authors: Kozłowski, Janusz Krzysztof., Berg, Paul Louis van., Guilaine, Jean.
Format: Book
Language:French
Published: Liège : [Université de Liège], 1993-
Series:Etudes et recherches archéologiques de l'Université de Liège ; no 45-46.
Subjects:
Tags: Add Tag
No Tags, Be the first to tag this record!
LEADER 01594nam a2200361 a 4500
001 004366272-2
005 20060419150539.0
008 930323m19939999be ab b 000 0 fre d
035 0 |a ocm32106068 
043 |a e------ 
050 4 |a GN776.28.A1  |b A85 1993 
245 0 0 |a Atlas du Néolithique européen. 
260 |a Liège :  |b [Université de Liège],  |c 1993- 
300 |a v. :  |b ill., maps ;  |c 30 cm. 
490 1 |a Etudes et recherches archéologiques de l'Université de Liège ;  |v no 45-46 
500 |a "Ouvrage publié sous le patronage de la Commission 'Civilisations néolithiques de la Méditerranée et de l'Europe' de l'Union Internationale des Sciences Préhistoriques et Protohistoriques" (v.2B) 
504 |a Includes bibliographical references. 
505 1 0 |g v. 1.  |t L'Europe orientale /  |r sous la direction de Janusz Kozłowski, avec la collaboration de Paul-Louis van Berg --  |g v.2B.  |t L'Europe occidentale /  |r sous la direction de Jean Guilaine. 
650 0 |a Neolithic period  |z Europe. 
650 0 |a Neolithic period  |z Europe  |v Maps. 
651 0 |a Europe  |x Antiquities. 
651 0 |a Europe  |x Antiquities  |v Maps. 
655 7 |a Maps.  |2 fast  |0 (OCoLC)fst01423704 
700 1 |a Kozłowski, Janusz Krzysztof. 
700 1 |a Kozłowski, Janusz Krzysztof.  |t Europe orientale. 
700 1 |a Berg, Paul Louis van. 
700 1 |a Guilaine, Jean. 
700 1 |a Guilaine, Jean.  |t Europe occidentale. 
740 0 2 |a Europe orientale. 
740 0 2 |a Europe occidentale. 
830 0 |a Etudes et recherches archéologiques de l'Université de Liège ;  |v no 45-46. 
988 |a 20020608 
906 |0 MH